00586cam a22002051 450000100060000000300080000600500170001400800460003103500190007703500190009604000230011504100080013808200200014610000320016624500640019826000490026230000220031165000250033365000220035836071BD-RjUL20211209052429.0140616r1962 1948uuuuenk 000 0 eng  a(BD-RjUL)36168 a(BD-RjUL)36168 aDLCcTNJdDLCbeng aeng a324.7bWAH 19621 aWallas, Graham,d1858-1932.10aHuman nature in politics /cWith a foreword by A. L. Rowse. aLondon :bConstable ;c1948 [Reprinted 1962] a 313 p. ;c19 cm. 0aPolitics, Practical. 0aPolitical ethics.